000 00405nam a2200145Ia 4500
008 231129s2009||||xx |||||||||||||| ||spa||
020 _a958-96336-0-9
040 _bspa
082 _aR 340.03 B748d
100 _aBohórquez B. Luis F.
245 0 _aDiccionario Jurí­dico Colombiano
260 _c2009
264 _aEditora Jurí­dica Nacional
942 _2ddc
_cBKS
999 _c9473
_d9473